| 000 | 00542cam a2200193 a 4500 | ||
|---|---|---|---|
| 020 | _a9780077702069 | ||
| 020 | _a0077702069 | ||
| 020 | _a9780077702076 | ||
| 020 | _a0077702077 | ||
| 050 | 0 | 0 |
_aHV 9950 _b.C24 2013 |
| 100 | 1 | _aGrand Rapids Community College | |
| 245 | 1 | 0 |
_aCriminal justice / _cGrand Rapids Community College. |
| 250 | _aCustom ed. | ||
| 260 |
_aBoston, MA [USA] : _bMcGraw-Hill Learning Solutions, _cc2013. |
||
| 300 | _axxvi, 578 p. : | ||
| 500 | _aIncludes index. | ||
| 650 | _xCriminal justice | ||
| 942 |
_2lcc _cGEN |
||
| 999 |
_c8806 _d8806 |
||